Central Library OPAC University of Rajshahi

Instinctive living : (Record no. 12321)

MARC details
000 -LEADER
fixed length control field 00981cam a22003012 4500
001 - CONTROL NUMBER
control field 12321
003 - CONTROL NUMBER IDENTIFIER
rucl marc code BD-RjUL
005 - DATE AND TIME OF LATEST TRANSACTION
control field 20211208235255.0
008 - FIXED-LENGTH DATA ELEMENTS--GENERAL INFORMATION
fixed length control field 140128t1959 enka b 001 0 eng
035 ## - SYSTEM CONTROL NUMBER
System control number (BD-RjUL)12370
040 ## - CATALOGING SOURCE
Original cataloging agency DLC
Transcribing agency OUN
Modifying agency OCL
-- UKM
-- EQO
-- BD-RjUL
Language of cataloging eng
041 ## - LANGUAGE CODE
Language code of text/sound track or separate title eng
082 00 - DEWEY DECIMAL CLASSIFICATION NUMBER
Classification number 592
Edition number 16
Author mark and year SAI 1959
100 1# - MAIN ENTRY--PERSONAL NAME
Personal name Savory, Theodore Horace,
Dates associated with a name 1896-
9 (RLIN) 36613
245 10 - TITLE STATEMENT
Title Instinctive living :
Remainder of title a study of invertebrate behaviour /
260 ## - PUBLICATION, DISTRIBUTION, ETC. (IMPRINT)
Place of publication, distribution, etc. London ;
-- New York :
Name of publisher, distributor, etc. Pergamon Press,
Date of publication, distribution, etc. 1959.
300 ## - PHYSICAL DESCRIPTION
Pagination 90 p. :
Illustrations illus. ;
Size 23 cm.
490 0# - SERIES STATEMENT
Series statement International series of monographs of pure and applied biology. Division: Zoology,
Volume/sequential designation v. 3
504 ## - BIBLIOGRAPHY, ETC. NOTE
Bibliography, etc Includes bibliographical reference and index.
650 #0 - SUBJECT ADDED ENTRY--TOPICAL TERM
Topical term or geographic name as entry element Animal behavior.
9 (RLIN) 5684
Topical term or geographic name as entry element Animal intelligence.
9 (RLIN) 38266
Topical term or geographic name as entry element Invertebrates.
9 (RLIN) 38267
Topical term or geographic name as entry element Behavior, Animal
9 (RLIN) 38268
Topical term or geographic name as entry element Instinct
9 (RLIN) 3691
942 ## - ADDED ENTRY ELEMENTS (KOHA)
Source of classification or shelving scheme Dewey Decimal Classification
Koha item type Books
Holdings
Lost status Source of classification or shelving scheme Damaged status Not for loan Collection code Permanent Location Current Location Shelving location Date acquired Source of acquisition Cost, normal purchase price Total Checkouts Full call number Date last seen Copy number Koha item type
  Dewey Decimal Classification   Not For Loan Non-fiction Central Library, University of Rajshahi Central Library, University of Rajshahi Reading Room 04/05/1968 Zeitlinger 20.00   592 SAI 1959 28/01/2014 C-1 Books